[Event "London Classic U1600 op 10th"]
[Site "London"]
[Date "2018.12.16"]
[Round "5"]
[White "Barbero, Federico"]
[Black "Howes, David J"]
[Result "0-1"]
[WhiteElo "1284"]
[BlackElo "1448"]
[PlyCount "46"]
[EventDate "2018.12.14"]
[EventType "swiss"]
[EventRounds "5"]
[EventCountry "ENG"]
[SourceTitle "CBM 187 Extra"]
[Source "ChessBase"]
[SourceDate "2018.11.04"]
[SourceVersion "1"]
[SourceVersionDate "2018.11.04"]
[SourceQuality "1"]

1. d4 d5 2. c4 e6 3. Nc3 f5 4. cxd5 exd5 5. Nf3 Nf6 6. Bg5 Be7 7. e3 c6 8. Bd3 0-0 9. Ne5 Ne4 10. Bxe7 Qxe7 11. f3 Qh4+ 12. g3 Nxg3 13. Kd2 Nxh1 14. Qxh1 Nd7 15. Rg1 Nxe5 16. dxe5 Qh6 17. Qg2 d4 18. Nd1 dxe3+ 19. Nxe3 Be6 20. f4 Rad8 21. Kc2 b5 22. Kb1 Rxd3 23. Qxc6 Rxe3 0-1

[Event "London Chess Classic op 10th"]
[Site "London"]
[Date "2018.12.13"]
[Round "5"]
[White "Howes, David J"]
[Black "Othman, Wael"]
[Result "0-1"]
[WhiteElo "1448"]
[BlackElo "1305"]
[PlyCount "66"]
[EventDate "2018.12.09"]
[EventType "swiss"]
[EventRounds "5"]
[EventCountry "ENG"]
[SourceTitle "EXT 2021"]
[Source "ChessBase"]
[SourceDate "2020.10.23"]
[SourceVersion "1"]
[SourceVersionDate "2020.10.23"]
[SourceQuality "1"]

1. d4 d5 2. Bf4 Bf5 3. e3 Nf6 4. Bd3 Be4 5. Bxe4 Nxe4 6. Nd2 e6 7. Nxe4 dxe4 8. Ne2 g6 9. Be5 f6 10. Bg3 Bg7 11. c3 0-0 12. Qb3 Qc8 13. Qc2 f5 14. Bf4 Nd7 15. h3 Nf6 16. Be5 c5 17. Bd6 Rd8 18. Bxc5 Bf8 19. Bxf8 Rxf8 20. Qb3 Nd5 21. c4 Nf6 22. 0-0 Rf7 23. Nc3 g5 24. Nb5 Qc6 25. c5 Qd5 26. Qd1 Rg7 27. Nc3 Qc6 28. b4 Kh8 29. b5 Qc7 30. a4 h6 31. c6 g4 32. hxg4 Nxg4 33. Qc1 Qh2# 0-1

[Event "London Classic op U1600 8th"]
[Site "London"]
[Date "2016.12.11"]
[Round "5"]
[White "Howes, David J"]
[Black "Cakova, Monika"]
[Result "1-0"]
[WhiteElo "1476"]
[BlackElo "1127"]
[PlyCount "37"]
[EventDate "2016.12.09"]
[EventType "swiss"]
[EventRounds "5"]
[EventCountry "ENG"]
[SourceTitle "EXT 2019"]
[Source "ChessBase"]
[SourceDate "2018.10.10"]
[SourceVersion "1"]
[SourceVersionDate "2018.10.10"]
[SourceQuality "1"]

1. e4 Nc6 2. d4 g6 3. d5 Ne5 4. f4 Bg7 5. fxe5 Bxe5 6. Nf3 f6 7. Nxe5 fxe5 8. Be2 Nf6 9. Nc3 d6 10. Bh6 e6 11. 0-0 a6 12. Bg7 Rg8 13. Bxf6 Qd7 14. Bg4 c6 15. Bxe6 Qc7 16. Bxg8 Qb6+ 17. Kh1 Qxb2 18. Qf3 Kf8 19. Bg5+ 1-0

[Event "BCF-ch 103rd Seniors 65 U150/1750"]
[Site "Bournemouth"]
[Date "2016.08.04"]
[Round "4"]
[White "Gunn, Michael J"]
[Black "Howes, David J"]
[Result "1/2-1/2"]
[WhiteElo "1647"]
[BlackElo "1524"]
[PlyCount "75"]
[EventDate "2016.08.01"]
[EventType "swiss"]
[EventRounds "5"]
[EventCountry "ENG"]
[SourceTitle "EXT 2019"]
[Source "ChessBase"]
[SourceDate "2018.10.10"]
[SourceVersion "1"]
[SourceVersionDate "2018.10.10"]
[SourceQuality "1"]

1. c4 c5 2. Nf3 Nc6 3. d4 cxd4 4. Nxd4 d6 5. Nc3 Bd7 6. Nf3 g6 7. e4 Bg7 8. Bd2 Nf6 9. Be2 Qc8 10. 0-0 0-0 11. Rc1 Qd8 12. a3 a5 13. Re1 a4 14. Bf1 Bg4 15. h3 Bxf3 16. Qxf3 Nd4 17. Qd3 Nb3 18. Rcd1 Nd7 19. Bf4 Ndc5 20. Qe3 Ne6 21. Bh6 Qa5 22. Bxg7 Kxg7 23. Rd5 Qc7 24. Nb5 Qb8 25. Qc3+ Kg8 26. Qe3 Kg7 27. f4 Nc7 28. Nxc7 Qxc7 29. Red1 f6 30. e5 fxe5 31. fxe5 Rad8 32. exd6 exd6 33. Qg3 Qb6+ 34. Kh2 Qf2 35. Qc3+ Kh6 36. Qd3 Qf4+ 37. Kh1 Nc5 38. Qd2 1/2-1/2

[Event "Coulsdon Jessie Gilbert"]
[Site "Coulsdon"]
[Date "2008.08.17"]
[Round "2"]
[White "Howes, David J"]
[Black "Kennedy, Craig"]
[Result "0-1"]
[WhiteElo "1648"]
[BlackElo "2037"]
[PlyCount "80"]
[EventDate "2008.08.16"]
[EventType "swiss"]
[EventRounds "10"]
[EventCountry "ENG"]
[SourceTitle "CBM 125 Extra"]
[Source "ChessBase"]
[SourceDate "2008.09.01"]
[SourceVersion "1"]
[SourceVersionDate "2008.09.01"]
[SourceQuality "1"]

1. e4 e6 2. d4 d5 3. exd5 exd5 4. Bd3 Bd6 5. h3 Nf6 6. Nf3 0-0 7. 0-0 c5 8. dxc5 Bxc5 9. Bf4 Nc6 10. a3 Be6 11. Nc3 Ne7 12. Na4 Bd6 13. Bxd6 Qxd6 14. Nc3 Ng6 15. Nb5 Qd7 16. Ng5 Bf5 17. Nd4 Bxd3 18. Qxd3 h6 19. Ngf3 Ne4 20. Ne2 Rac8 21. Rac1 Rfd8 22. c3 Rc6 23. Qd1 Rf6 24. Nfd4 Qd6 25. f3 Ng3 26. Nxg3 Qxg3 27. Qe1 Qg5 28. Kh2 Nf4 29. Qd2 Rg6 30. g4 Qe5 31. Rce1 Qc7 32. Kh1 Nxh3 33. Nf5 Rf6 34. f4 Re6 35. Kg2 Rxe1 36. Rxe1 Nxf4+ 37. Kf3 Ne6 38. Nxh6+ gxh6 39. Qxh6 d4 40. Rh1 Qe5 0-1